000
00221nam a22001097a 4500
082
_a
923.2 HYO'I
100
_a
HYDE, DOUGLAS
_9
57799
245
_a
A BELIVED
260
_a
LONDON
_b
RS
_c
1950
300
_a
285P
942
_c
BK
999
_c
568052
_d
568052